[Event "Internet Section 16-B"]
[Site "Dos Hermanas"]
[Date "2003.03.16"]
[Round "3"]
[White "Fierro Baquero, Martha Lorena"]
[Black "Toloza Soto, Pablo Alejandro"]
[Result "1/2-1/2"]
[WhiteElo "2334"]
[BlackElo "2361"]
[PlyCount "48"]
[EventDate "2003.03.16"]
[EventType "swiss (blitz)"]
[EventRounds "9"]
[EventCountry "ESP"]
[SourceTitle "EXT 2004"]
[Source "ChessBase"]
[SourceDate "2003.11.25"]
[SourceVersion "1"]
[SourceVersionDate "2003.11.25"]
[SourceQuality "1"]

1. e4 c5 2. Nc3 Nc6 3. f4 g6 4. Nf3 Bg7 5. Bb5 Nd4 6. Bd3 d6 7. Nxd4 cxd4 8. Ne2 Nf6 9. Nxd4 Nxe4 10. Bxe4 Bxd4 11. c3 Bg7 12. d4 d5 13. Bd3 0-0 14. 0-0 Bf5 15. Bxf5 gxf5 16. Qh5 e6 17. Rf3 Qf6 18. Rh3 Qg6 19. Qf3 Kh8 20. Be3 Rg8 21. Rg3 Qh6 22. Rh3 Qg6 23. Rg3 Qh6 24. Rh3 Qg6 1/2-1/2

[Event "Internet Section 16-B"]
[Site "Dos Hermanas"]
[Date "2003.03.16"]
[Round "4"]
[White "Toloza Soto, Pablo Alejandro"]
[Black "Fancsy, Imre"]
[Result "0-1"]
[WhiteElo "2361"]
[BlackElo "2406"]
[PlyCount "136"]
[EventDate "2003.03.16"]
[EventType "swiss (blitz)"]
[EventRounds "9"]
[EventCountry "ESP"]
[SourceTitle "EXT 2004"]
[Source "ChessBase"]
[SourceDate "2003.11.25"]
[SourceVersion "1"]
[SourceVersionDate "2003.11.25"]
[SourceQuality "1"]

1. e4 c5 2. Nf3 e6 3. d4 cxd4 4. Nxd4 a6 5. Bd3 Nc6 6. Nxc6 dxc6 7. Nd2 e5 8. Qh5 Qf6 9. Nc4 b5 10. Qxe5+ Be6 11. Qxf6 Nxf6 12. Ne3 Bd6 13. 0-0 Nd7 14. a4 Ke7 15. Bd2 Nc5 16. axb5 axb5 17. h3 f6 18. Rfe1 Kf7 19. f3 Rhb8 20. Be2 Be5 21. Bc3 Bxc3 22. bxc3 Na4 23. c4 Nc3 24. Rxa8 Rxa8 25. cxb5 cxb5 26. Bd3 Ke7 27. Kf1 Kd6 28. Rc1 Kc5 29. Nd1 Na2 30. Rb1 b4 31. Ke1 g5 32. Kd2 h5 33. Ra1 h4 34. Ne3 Ra7 35. Nf5 Bxf5 36. exf5 Kd4 37. Be4 Ra3 38. Rb1 Ra5 39. Rb2 Ra3 40. Bd3 Ra5 41. Rb1 Ra7 42. Ra1 Ra3 43. Rb1 Ra4 44. Bb5 Ra5 45. Bd7 Kc5 46. Ra1 Ra6 47. Ke3 Ra3+ 48. Kd2 Kd4 49. Rb1 Kc5 50. Ra1 Kd4 51. Re1 Nc3 52. Be6 Ra7 53. Bb3 Rd7 54. Kc1 Kc5 55. Be6 Rd4 56. Kb2 Rd2 57. Kb3 Nb5 58. Re4 Nd4+ 59. Ka4 Rxc2 60. Re1 Nb5 61. Kb3 Nd4+ 62. Ka4 Rc3 63. Ra1 Nb5 64. Bd7 Nd6 65. Ka5 Ra3+ 66. Rxa3 bxa3 67. Be6 Nc4+ 68. Ka4 a2 0-1

[Event "Olympiad-35"]
[Site "Bled"]
[Date "2002.10.30"]
[Round "5.2"]
[White "Toloza Soto, Pablo Alejandro"]
[Black "Speelman, Jonathan S"]
[Result "0-1"]
[WhiteElo "2349"]
[BlackElo "2583"]
[PlyCount "76"]
[EventDate "2002.10.26"]
[EventType "team-swiss"]
[EventRounds "14"]
[EventCountry "SLO"]
[SourceTitle "EXT 2003"]
[Source "ChessBase"]
[SourceDate "2002.11.25"]
[SourceVersion "1"]
[SourceVersionDate "2002.11.25"]
[SourceQuality "1"]
[WhiteTeam "Chile"]
[BlackTeam "England"]
[WhiteTeamCountry "CHI"]
[BlackTeamCountry "ENG"]

1. d4 e6 2. c4 b6 3. Nf3 Bb7 4. g3 Bb4+ 5. Bd2 Bxf3 6. exf3 Bxd2+ 7. Qxd2 Nf6 8. Nc3 0-0 9. 0-0-0 d5 10. Kb1 Nc6 11. f4 Ne7 12. Bg2 c6 13. Qd3 dxc4 14. Qxc4 Rc8 15. Rhe1 Qd7 16. Bf3 Ned5 17. Ne4 Nxe4 18. Bxe4 Rfd8 19. a3 g6 20. Rd3 Nf6 21. Bf3 c5 22. Red1 b5 23. Qc2 c4 24. Re3 Qc7 25. Re5 Qb6 26. d5 exd5 27. Bxd5 a5 28. f5 Nxd5 29. Rexd5 Rxd5 30. Rxd5 b4 31. fxg6 hxg6 32. axb4 axb4 33. Qd2 c3 34. Qd4 Qc7 35. Qxb4 cxb2 36. Qxb2 Qc4 37. Ra5 Qe4+ 38. Ka1 Qe1+ 0-1